[Event "Stay Safe Play From Home 424"]
[Site "Emanuel Lasker Arena"]
[Date "2020.08.31"]
[Round "9"]
[White "Tran Minh Thang"]
[Black "IceQueen"]
[Result "0-1"]
[WhiteElo "2508"]
[BlackElo "2442"]
[PlyCount "110"]
[EventDate "2020.08.31"]
[EventType "swiss (blitz)"]

1. d4 {[%emt 0:00:01]} d6 {[%emt 0:00:00]} 2. Bf4 {[%emt 0:00:01]} Nf6 {[%emt 0:00:00]} 3. e3 {[%emt 0:00:00]} g6 {[%emt 0:00:00]} 4. Nf3 {[%emt 0:00:00]} Bg7 {[%emt 0:00:00]} 5. Be2 {[%emt 0:00:00]} O-O {[%emt 0:00:00]} 6. O-O {[%emt 0:00:00]} c5 {[%emt 0:00:00]} 7. h3 {[%emt 0:00:00]} Nc6 {[%emt 0:00:00]} 8. c3 {[%emt 0:00:00]} b6 {[%emt 0:00:00]} 9. a4 {[%emt 0:00:01]} Bb7 {[%emt 0:00:01]} 10. Nbd2 {[%emt 0:00:00]} Re8 {[%emt 0:00:02]} 11. Nc4 {[%emt 0:00:00]} Ne4 {[%emt 0:00:01]} 12. Bh2 {[%emt 0:00:01]} Rc8 {[%emt 0:00:01]} 13. a5 {[%emt 0:00:03]} b5 {[%emt 0:00:01]} 14. a6 {[%emt 0:00:01]} Ba8 {[%emt 0:00:01]} 15. Na3 {[%emt 0:00:00]} b4 {[%emt 0:00:01]} 16. cxb4 {[%emt 0:00:01]} Nxb4 {[%emt 0:00:00]} 17. Nb5 {[%emt 0:00:02]} Qb6 {[%emt 0:00:03]} 18. dxc5 {[%emt 0:00:04]} Nxc5 {[%emt 0:00:05]} 19. Nfd4 {[%emt 0:00:01]} e5 {[%emt 0:00:01]} 20. Nb3 {[%emt 0:00:04]} Ncxa6 {[%emt 0:00:02]} 21. Qxd6 {[%emt 0:00:03]} Re6 {[%emt 0:00:04]} 22. Qxb6 {[%emt 0:00:02]} Rxb6 {[%emt 0:00:01]} 23. Nxa7 {[%emt 0:00:00]} Rc2 {[%emt 0:00:01]} 24. Bxa6 {[%emt 0:00:03]} Nxa6 {[%emt 0:00:02]} 25. Nb5 {[%emt 0:00:02]} Rxb2 {[%emt 0:00:02]} 26. Nc5 {[%emt 0:00:04]} R2xb5 {[%emt 0:00:03]} 27. Nxa6 {[%emt 0:00:00]} Be4 {[%emt 0:00:02]} 28. Nc7 {[%emt 0:00:01]} Rc5 {[%emt 0:00:02]} 29. Rfc1 {[%emt 0:00:01]} Rbc6 {[%emt 0:00:02]} 30. Ra8+ {[%emt 0:00:02]} Bf8 {[%emt 0:00:01]} 31. Rxc5 {[%emt 0:00:11]} Rxc5 {[%emt 0:00:00]} 32. Ra1 {[%emt 0:00:02]} Rxc7 {[%emt 0:00:01]} 33. Bxe5 {[%emt 0:00:00]} Rc5 {[%emt 0:00:01]} 34. Bd4 {[%emt 0:00:00]} Rc2 {[%emt 0:00:00]} 35. Re1 {[%emt 0:00:00]} f5 {[%emt 0:00:01]} 36. f3 {[%emt 0:00:01]} Bd5 {[%emt 0:00:00]} 37. Kh2 {[%emt 0:00:01]} Bg7 {[%emt 0:00:01]} 38. Kg3 {[%emt 0:00:00]} Bxd4 {[%emt 0:00:01]} 39. exd4 {[%emt 0:00:00]} Kf7 {[%emt 0:00:00]} 40. h4 {[%emt 0:00:00]} Rd2 {[%emt 0:00:01]} 41. h5 {[%emt 0:00:00]} Rxd4 {[%emt 0:00:01]} 42. hxg6+ {[%emt 0:00:00]} hxg6 {[%emt 0:00:00]} 43. f4 {[%emt 0:00:00]} Kf6 {[%emt 0:00:00]} 44. Kh4 {[%emt 0:00:00]} Re4 {[%emt 0:00:00]} 45. g3 {[%emt 0:00:00]} Rxe1 {[%emt 0:00:01]} 46. g4 {[%emt 0:00:00]} Rh1+ {[%emt 0:00:01]} 47. Kg3 {[%emt 0:00:00]} Rg1+ {[%emt 0:00:00]} 48. Kh4 {[%emt 0:00:00]} Rxg4+ {[%emt 0:00:00]} 49. Kh3 {[%emt 0:00:00]} Rxf4 {[%emt 0:00:00]} 50. Kg3 {[%emt 0:00:00]} Rg4+ {[%emt 0:00:00]} 51. Kh3 {[%emt 0:00:00]} Rg5 {[%emt 0:00:01]} 52. Kh2 {[%emt 0:00:00]} f4 {[%emt 0:00:00]} 53. Kh3 {[%emt 0:00:00]} f3 {[%emt 0:00:01]} 54. Kh4 {[%emt 0:00:00]} f2 {[%emt 0:00:01]} 55. Kh3 {[%emt 0:00:00]} f1=Q+ {[%emt 0:00:00] Tran Minh Thang resigns Tran Minh Thang resigns Tran Minh Thang resigns (Lag: Av=0.64s, max=1.2s) (Lag: Av=0.64s, max=1.2s) (Lag: Av=0.64s, max=1.2s)} 0-1

[Event "Stay Safe Play From Home 424"]
[Site "Emanuel Lasker Arena"]
[Date "2020.08.31"]
[Round "9"]
[White "Nguyen Hong Anh"]
[Black "Gokerkan"]
[Result "0-1"]
[WhiteElo "2344"]
[BlackElo "2602"]
[PlyCount "114"]
[EventDate "2020.08.31"]
[EventType "swiss (blitz)"]

1. d4 {[%emt 0:00:02]} c5 {[%emt 0:00:00]} 2. dxc5 {[%emt 0:00:01]} e5 {[%emt 0:00:00]} 3. Nf3 {[%emt 0:00:01]} e4 {[%emt 0:00:00]} 4. Nd4 {[%emt 0:00:02]} Bxc5 {[%emt 0:00:00]} 5. e3 {[%emt 0:00:01]} Nc6 {[%emt 0:00:00]} 6. Be2 {[%emt 0:00:01]} Nf6 {[%emt 0:00:01]} 7. O-O {[%emt 0:00:01]} O-O {[%emt 0:00:00]} 8. b3 {[%emt 0:00:01]} Nxd4 {[%emt 0:00:01]} 9. exd4 {[%emt 0:00:00]} Bb6 {[%emt 0:00:00]} 10. Bb2 {[%emt 0:00:01]} d5 {[%emt 0:00:00]} 11. c4 {[%emt 0:00:01]} Be6 {[%emt 0:00:01]} 12. Nc3 {[%emt 0:00:01]} dxc4 {[%emt 0:00:00]} 13. bxc4 {[%emt 0:00:03]} Bxd4 {[%emt 0:00:03]} 14. Qb3 {[%emt 0:00:00]} Qb6 {[%emt 0:00:02]} 15. Nb5 {[%emt 0:00:01]} Bxb2 {[%emt 0:00:02]} 16. Qxb2 {[%emt 0:00:00]} a6 {[%emt 0:00:01]} 17. c5 {[%emt 0:00:01]} Qxc5 {[%emt 0:00:01]} 18. Nc3 {[%emt 0:00:01]} b5 {[%emt 0:00:02]} 19. Rac1 {[%emt 0:00:01]} Qe5 {[%emt 0:00:02]} 20. Qb1 {[%emt 0:00:01]} Rab8 {[%emt 0:00:02]} 21. Rfe1 {[%emt 0:00:01]} Rfc8 {[%emt 0:00:01]} 22. Nd1 {[%emt 0:00:02]} Rxc1 {[%emt 0:00:02]} 23. Qxc1 {[%emt 0:00:00]} Bxa2 {[%emt 0:00:02]} 24. Ne3 {[%emt 0:00:01]} Be6 {[%emt 0:00:01]} 25. h3 {[%emt 0:00:02]} a5 {[%emt 0:00:00]} 26. Qa1 {[%emt 0:00:02]} Qxa1 {[%emt 0:00:01]} 27. Rxa1 {[%emt 0:00:00]} a4 {[%emt 0:00:00]} 28. Nc2 {[%emt 0:00:01]} Nd5 {[%emt 0:00:06]} 29. Nd4 {[%emt 0:00:01]} Nc3 {[%emt 0:00:00]} 30. Bf1 {[%emt 0:00:01]} b4 {[%emt 0:00:01]} 31. Rc1 {[%emt 0:00:03]} a3 {[%emt 0:00:02]} 32. Nc2 {[%emt 0:00:02]} a2 {[%emt 0:00:01]} 33. Na1 {[%emt 0:00:01]} g6 {[%emt 0:00:03]} 34. f3 {[%emt 0:00:01]} exf3 {[%emt 0:00:01]} 35. gxf3 {[%emt 0:00:00]} b3 {[%emt 0:00:01]} 36. Nxb3 {[%emt 0:00:03]} Rxb3 {[%emt 0:00:00]} 37. Kf2 {[%emt 0:00:02]} Rb1 {[%emt 0:00:02]} 38. Rxc3 {[%emt 0:00:01]} a1=Q {[%emt 0:00:00]} 39. Bd3 {[%emt 0:00:00]} Qxc3 {[%emt 0:00:01]} 40. Bxb1 {[%emt 0:00:00]} Qb2+ {[%emt 0:00:00]} 41. Kg3 {[%emt 0:00:01]} Qxb1 {[%emt 0:00:01]} 42. h4 {[%emt 0:00:00]} Qf5 {[%emt 0:00:01]} 43. Kf2 {[%emt 0:00:00]} Qf4 {[%emt 0:00:01]} 44. Ke2 {[%emt 0:00:00]} Bd5 {[%emt 0:00:00]} 45. Kd3 {[%emt 0:00:00]} Qxf3+ {[%emt 0:00:00]} 46. Kd4 {[%emt 0:00:00]} Qe4+ {[%emt 0:00:00]} 47. Kc5 {[%emt 0:00:00]} Qc4+ {[%emt 0:00:00]} 48. Kd6 {[%emt 0:00:00]} Qc6+ {[%emt 0:00:00]} 49. Ke5 {[%emt 0:00:00]} Qe6+ {[%emt 0:00:00]} 50. Kd4 {[%emt 0:00:00]} f5 {[%emt 0:00:02]} 51. Kc5 {[%emt 0:00:00]} Ba8 {[%emt 0:00:00]} 52. Kd4 {[%emt 0:00:00]} f4 {[%emt 0:00:00]} 53. Kc5 {[%emt 0:00:01]} f3 {[%emt 0:00:00]} 54. Kb5 {[%emt 0:00:00]} f2 {[%emt 0:00:00]} 55. Kc5 {[%emt 0:00:00]} f1=Q {[%emt 0:00:00]} 56. Kb4 {[%emt 0:00:00]} Qfc4+ {[%emt 0:00:00]} 57. Ka5 {[%emt 0:00:01]} Qea6# {[%emt 0:00:00] (Lag: Av=1.06s, max=1.8s) (Lag: Av=1.06s, max=1.8s) (Lag: Av=1.06s, max=1.8s)} 0-1

[Event "Stay Safe Play From Home 424"]
[Site "Emanuel Lasker Arena"]
[Date "2020.08.31"]
[Round "9"]
[White "Lazieri3"]
[Black "Haris kollari 13"]
[Result "1-0"]
[WhiteElo "2091"]
[BlackElo "1733"]
[Annotator "NA"]
[PlyCount "87"]
[EventDate "2020.08.31"]
[EventType "swiss (blitz)"]

1. e4 {[%emt 0:00:01]} e6 {[%emt 0:00:00]} 2. Nc3 {[%emt 0:00:00]} d5 {[%emt 0:00:00]} 3. Nf3 {[%emt 0:00:00]} d4 {[%emt 0:00:01]} 4. Ne2 {[%emt 0:00:01]} c5 {[%emt 0:00:01]} 5. d3 {[%emt 0:00:00]} Nc6 {[%emt 0:00:01]} 6. Bg5 {[%emt 0:00:01]} f6 {[%emt 0:00:01]} 7. Bd2 {[%emt 0:00:02]} e5 {[%emt 0:00:01]} 8. c4 {[%emt 0:00:00]} Be6 {[%emt 0:00:01]} 9. b3 {[%emt 0:00:01]} Bd6 {[%emt 0:00:01]} 10. g3 {[%emt 0:00:01]} Nge7 {[%emt 0:00:01]} 11. Bg2 {[%emt 0:00:00]} Qd7 {[%emt 0:00:01]} 12. O-O {[%emt 0:00:00]} h5 {[%emt 0:00:01]} 13. Nh4 {[%emt 0:00:02]} g5 {[%emt 0:00:04]} 14. Nf5 {[%emt 0:00:01]} Nxf5 {[%emt 0:00:02]} 15. exf5 {[%emt 0:00:00]} Bxf5 {[%emt 0:00:01]} 16. Be4 {[%emt 0:00:01]} Bxe4 {[%emt 0:00:01]} 17. dxe4 {[%emt 0:00:00]} O-O-O {[%emt 0:00:01]} 18. Nc1 {[%emt 0:00:01]} g4 {[%emt 0:00:02]} 19. Nd3 {[%emt 0:00:02]} h4 {[%emt 0:00:01]} 20. a3 {[%emt 0:00:04]} Rdg8 {[%emt 0:00:02]} 21. b4 {[%emt 0:00:01]} Qh7 {[%emt 0:00:01]} 22. Qe2 {[%emt 0:00:02]} hxg3 {[%emt 0:00:01]} 23. fxg3 {[%emt 0:00:01]} Rg6 {[%emt 0:00:02]} 24. bxc5 {[%emt 0:00:02]} Bc7 {[%emt 0:00:01]} 25. Rab1 {[%emt 0:00:01]} Qg8 {[%emt 0:00:03]} 26. Nb4 {[%emt 0:00:02]} Nxb4 {[%emt 0:00:03]} 27. axb4 {[%emt 0:00:00]} Rh3 {[%emt 0:00:04]} 28. b5 {[%emt 0:00:01]} Rg7 {[%emt 0:00:01]} 29. b6 {[%emt 0:00:02]} axb6 {[%emt 0:00:01]} 30. cxb6 {[%emt 0:00:00]} Bb8 {[%emt 0:00:00]} 31. c5 {[%emt 0:00:02]} Rgh7 {[%emt 0:00:01]} 32. Rf2 {[%emt 0:00:01]} Qh8 {[%emt 0:00:01]} 33. Qxg4+ {[%emt 0:00:01]} Kd8 {[%emt 0:00:02]} 34. Qe2 {[%emt 0:00:08]} Rxg3+ {[%emt 0:00:01]} 35. Kf1 {[%emt 0:00:02]} Rgh3 {[%emt 0:00:02]} 36. c6 {[%emt 0:00:02]} bxc6 {[%emt 0:00:02]} 37. b7 {[%emt 0:00:01]} Rxh2 {[%emt 0:00:01]} 38. Ba5+ {[%emt 0:00:00]} Kd7 {[%emt 0:00:02]} 39. Qg4+ {[%emt 0:00:02]} Ke7 {[%emt 0:00:02]} 40. Bb4+ {[%emt 0:00:01]} Kf7 {[%emt 0:00:02]} 41. Rxh2 {[%emt 0:00:01]} Rxh2 {[%emt 0:00:01]} 42. Qd7+ {[%emt 0:00:00]} Kg6 {[%emt 0:00:01]} 43. Qg4+ {[%emt 0:00:01]} Kf7 {[%emt 0:00:01]} 44. Qe6+ {[%emt 0:00:01] Time Time Time} 1-0

[Event "Stay Safe Play From Home 424"]
[Site "Emanuel Lasker Arena"]
[Date "2020.08.31"]
[Round "9"]
[White "Klasman"]
[Black "eidgenosse"]
[Result "0-1"]
[WhiteElo "1258"]
[BlackElo "2445"]
[PlyCount "20"]
[EventDate "2020.08.31"]
[EventType "swiss (blitz)"]

1. f4 {[%emt 0:00:01]} c5 {[%emt 0:00:00]} 2. e4 {[%emt 0:00:01]} Nc6 {[%emt 0:00:00]} 3. e5 {[%emt 0:00:01]} d6 {[%emt 0:00:01]} 4. Nf3 {[%emt 0:00:01]} Bg4 {[%emt 0:00:02]} 5. c4 {[%emt 0:00:05]} dxe5 {[%emt 0:00:04]} 6. fxe5 {[%emt 0:00:03]} Nxe5 {[%emt 0:00:00]} 7. Be2 {[%emt 0:00:02]} Bxf3 {[%emt 0:00:02]} 8. Bxf3 {[%emt 0:00:01]} Nd3+ {[%emt 0:00:01]} 9. Kf1 {[%emt 0:00:04]} Qd4 {[%emt 0:00:01]} 10. Qe2 {[%emt 0:00:03]} Nxc1 {[%emt 0:00:01] Klasman resigns Klasman resigns Klasman resigns (Lag: Av=0.34s, max=0.4s) (Lag: Av=0.34s, max=0.4s) (Lag: Av=0.34s, max=0.4s)} 0-1

[Event "Stay Safe Play From Home 424"]
[Site "Emanuel Lasker Arena"]
[Date "2020.08.31"]
[Round "9"]
[White "KING o KONG"]
[Black "Omerseyman"]
[Result "0-1"]
[WhiteElo "982"]
[BlackElo "1813"]
[Annotator "NA"]
[PlyCount "58"]
[EventDate "2020.08.31"]
[EventType "swiss (blitz)"]

1. d3 {[%emt 0:00:01]} Nf6 {[%emt 0:00:01]} 2. e3 {[%emt 0:00:01]} d6 {[%emt 0:00:01]} 3. b3 {[%emt 0:00:01]} Nbd7 {[%emt 0:00:00]} 4. Bb2 {[%emt 0:00:01]} e5 {[%emt 0:00:00]} 5. Be2 {[%emt 0:00:02]} Be7 {[%emt 0:00:00]} 6. Nf3 {[%emt 0:00:01]} O-O {[%emt 0:00:00]} 7. Nbd2 {[%emt 0:00:01]} c6 {[%emt 0:00:01]} 8. c4 {[%emt 0:00:01]} Qc7 {[%emt 0:00:00]} 9. Qc2 {[%emt 0:00:01]} Re8 {[%emt 0:00:00]} 10. g4 {[%emt 0:00:03]} Nf8 {[%emt 0:00:01]} 11. h3 {[%emt 0:00:01]} N6d7 {[%emt 0:00:01]} 12. h4 {[%emt 0:00:02]} a5 {[%emt 0:00:01]} 13. h5 {[%emt 0:00:01]} a4 {[%emt 0:00:01]} 14. O-O-O {[%emt 0:00:09]} axb3 {[%emt 0:00:01]} 15. Qxb3 {[%emt 0:00:01]} Nc5 {[%emt 0:00:02]} 16. Qc2 {[%emt 0:00:07]} Rxa2 {[%emt 0:00:02]} 17. Nb3 {[%emt 0:00:02]} Nxb3+ {[%emt 0:00:02]} 18. Qxb3 {[%emt 0:00:01]} Ra7 {[%emt 0:00:00]} 19. g5 {[%emt 0:00:05]} Be6 {[%emt 0:00:01]} 20. g6 {[%emt 0:00:02]} fxg6 {[%emt 0:00:02]} 21. hxg6 {[%emt 0:00:01]} h6 {[%emt 0:00:01]} 22. Rxh6 {[%emt 0:00:03]} gxh6 {[%emt 0:00:01]} 23. Rh1 {[%emt 0:00:01]} Kg7 {[%emt 0:00:01]} 24. Qd1 {[%emt 0:00:03]} Nxg6 {[%emt 0:00:01]} 25. Qg1 {[%emt 0:00:01]} Bf7 {[%emt 0:00:01]} 26. Ng5 {[%emt 0:00:01]} Bxg5 {[%emt 0:00:01]} 27. Rxh6 {[%emt 0:00:02]} Bxh6 {[%emt 0:00:01]} 28. Qg4 {[%emt 0:00:01]} Qa5 {[%emt 0:00:02]} 29. Qg3 {[%emt 0:00:02]} Qe1+ {[%emt 0:00:01] TimeW TimeW TimeW} 0-1